[Event "C.to Regionale Sardegna"]
[Site "Capoterra ITA"]
[Date "2012.05.26"]
[Round "4"]
[White "Di Pinto, Vincenzo"]
[Black "Lussu, Andrea"]
[WhiteElo "1609"]
[BlackElo "1413"]
[Result "0-1"]
[PlyCount "50"]
[EventDate "2012.05.19"]

1. d4 d5 2. Nf3 Nf6 3. Bf4 Bf5 4. e3 e6 5. Bd3 Be7 6. Bxf5 exf5 7. O-O Ne4 8.
Ne5 O-O 9. Qd3 f6 10. Nf3 Qd7 11. h3 g5 12. Bh2 Nc6 13. a3 g4 14. hxg4 fxg4 15.
Nfd2 f5 16. c4 Rf6 17. cxd5 Qxd5 18. Nc3 Nxc3 19. bxc3 Qd7 20. e4 Raf8 21. e5
Rh6 22. Qe3 Qe6 23. c4 Qg6 24. f4 b6 25. d5 Bc5 0-1

[Event "C.to Regionale Sardegna"]
[Site "Capoterra ITA"]
[Date "2012.05.26"]
[Round "4"]
[White "Erriu, Giampiero"]
[Black "Caredda, Giuseppe"]
[WhiteElo "1739"]
[BlackElo "1577"]
[Result "1-0"]
[PlyCount "67"]
[EventDate "2012.05.19"]

1. d4 d5 2. c4 e6 3. Nc3 c5 4. cxd5 exd5 5. e3 Nc6 6. dxc5 Nf6 7. Bb5 Bxc5 8.
Nf3 O-O 9. O-O Bg4 10. Be2 d4 11. exd4 Nxd4 12. Nxd4 Bxe2 13. Ndxe2 Qxd1 14.
Rxd1 Ng4 15. Be3 Nxe3 16. fxe3 Bxe3+ 17. Kh1 f5 18. Rd3 Rfe8 19. Rad1 a6 20.
Nd5 Rad8 21. Nxe3 Rc8 22. Nc3 f4 23. Ned5 Rc4 24. Rf3 Rd4 25. Kg1 Rxd1+ 26.
Nxd1 Rd8 27. N1c3 g5 28. Kf2 Kf7 29. g3 Kg6 30. gxf4 g4 31. Rg3 Kf5 32. Rd3 Re8
33. Re3 Rc8 34. Ne7+ 1-0

[Event "C.to Regionale Sardegna"]
[Site "Capoterra ITA"]
[Date "2012.05.26"]
[Round "4"]
[White "Giordano, Giulia"]
[Black "Mereu, Matteo"]
[WhiteElo "1545"]
[BlackElo "1934"]
[Result "0-1"]
[PlyCount "118"]
[EventDate "2012.05.19"]

1. d4 Nf6 2. e3 g6 3. Bd3 d6 4. f4 Bg7 5. Nd2 Nbd7 6. Ngf3 O-O 7. O-O c5 8. c3
e5 9. fxe5 dxe5 10. dxe5 Ng4 11. Nb3 Qc7 12. Qe2 Ndxe5 13. Nxe5 Nxe5 14. Bc2
Be6 15. e4 Bc4 16. Qf2 Bxf1 17. Qxf1 Rad8 18. Bf4 b6 19. Nd2 Qe7 20. Re1 g5 21.
Be3 Ng4 22. Nf3 Nxe3 23. Rxe3 g4 24. Ne1 Qg5 25. Rg3 Be5 26. Rd3 Rxd3 27. Qxd3
Rd8 28. Qf1 Rd2 29. Bb3 Qe3+ 30. Kh1 Rf2 31. Qg1 Qh6 32. h3 Rd2 33. Qf1 Qh5 34.
Nd3 gxh3 35. Bxf7+ Qxf7 36. Qxf7+ Kxf7 37. Nxe5+ Ke6 38. Nc4 Rxg2 39. e5 Re2
40. a4 Kd5 41. b3 Rxe5 42. Nxe5 Kxe5 43. Kh2 Ke4 44. b4 Kd3 45. a5 Kxc3 46.
axb6 axb6 47. bxc5 bxc5 48. Kxh3 Kd3 49. Kg4 c4 50. Kh5 c3 51. Kh6 c2 52. Kxh7
c1=Q 53. Kg6 Qf4 54. Kg7 Qf5 55. Kg8 Qd7 56. Kf8 Ke4 57. Kg8 Kf5 58. Kh8 Kg6
59. Kg8 Qe8# 0-1

[Event "C.to Regionale Sardegna"]
[Site "Capoterra ITA"]
[Date "2012.05.26"]
[Round "4"]
[White "Mallo', Danilo"]
[Black "Putzolu, Marcello"]
[WhiteElo "1921"]
[BlackElo "1809"]
[Result "1-0"]
[PlyCount "41"]
[EventDate "2012.05.19"]

1. d4 d5 2. c4 Nf6 3. Nc3 g6 4. Nf3 Bg7 5. g3 c6 6. Bg2 O-O 7. O-O Bg4 8. Ne5
Bf5 9. Qb3 b6 10. Rd1 dxc4 11. Qxc4 Be6 12. Qd3 Nd5 13. Bd2 Qd6 14. Ne4 Qc7 15.
Nf3 Bf5 16. Nh4 Qd7 17. Nxf5 Qxf5 18. Qc4 Rc8 19. Ng5 e6 20. e4 Qg4 21. Bf3 1-0

[Event "C.to Regionale Sardegna"]
[Site "Capoterra ITA"]
[Date "2012.05.26"]
[Round "4"]
[White "Marano, Daniele"]
[Black "Moi, Federico"]
[WhiteElo "1727"]
[BlackElo "1532"]
[Result "1-0"]
[PlyCount "81"]
[EventDate "2012.05.19"]

1. e4 e5 2. Nf3 Nc6 3. Bc4 Bc5 4. c3 Nf6 5. d3 a6 6. Nbd2 h6 7. Nf1 d6 8. Bb3
Ne7 9. Ng3 b5 10. O-O Be6 11. d4 exd4 12. cxd4 Bxb3 13. Qxb3 Bb6 14. Be3 O-O
15. a4 c6 16. h3 Qd7 17. e5 Nfd5 18. exd6 Qxd6 19. Ne4 Qg6 20. Nc3 Bc7 21. Nxd5
Nxd5 22. Ne5 Qd6 23. Rfc1 Ne7 24. axb5 cxb5 25. Rc5 Bb6 26. Qc3 Bxc5 27. dxc5
Qc7 28. Rc1 Nd5 29. Qd4 Nxe3 30. Qxe3 Rfe8 31. f4 Kh8 32. Qb3 Re7 33. c6 Rae8
34. Re1 Re6 35. Qd5 Kg8 36. Rc1 f6 37. Qd7 Qb6+ 38. Kh1 R6e7 39. Qd5+ Re6 40.
f5 fxe5 41. fxe6 1-0

[Event "C.to Regionale Sardegna"]
[Site "Capoterra ITA"]
[Date "2012.05.26"]
[Round "4"]
[White "Marchionni, Daniele"]
[Black "Toniolo, Massimo"]
[WhiteElo "1395"]
[BlackElo "1785"]
[Result "0-1"]
[PlyCount "98"]
[EventDate "2012.05.19"]

1. c4 e5 2. Nc3 Nf6 3. Nf3 Nc6 4. d4 exd4 5. Nxd4 Bb4 6. Nxc6 Bxc3+ 7. bxc3
dxc6 8. Qxd8+ Kxd8 9. e3 Ne4 10. Bb2 Be6 11. Bd3 Nd6 12. Rd1 Kc8 13. O-O Bxc4
14. Bxc4 Nxc4 15. Bc1 Rd8 16. Rxd8+ Kxd8 17. Rd1+ Ke7 18. Rd4 b5 19. e4 Rd8 20.
Rxd8 Kxd8 21. g3 Kd7 22. f4 Nd6 23. e5 Ne4 24. Bb2 Ke6 25. g4 g6 26. Kg2 c5 27.
Kf3 Nd2+ 28. Ke2 Nc4 29. Bc1 Kd5 30. Kd3 a5 31. h4 a4 32. a3 Na5 33. Bb2 c4+
34. Ke3 c5 35. g5 Nc6 36. Kf3 Ne7 37. Kg4 Ke4 38. Bc1 Nd5 39. h5 Nxc3 40. hxg6
hxg6 41. Bb2 Nd5 42. Bc1 b4 43. axb4 cxb4 44. f5 Kxe5 45. fxg6 fxg6 46. Kf3 c3
47. Ke2 a3 48. Kd3 a2 49. Kc4 a1=Q 0-1

[Event "C.to Regionale Sardegna"]
[Site "Capoterra ITA"]
[Date "2012.05.26"]
[Round "4"]
[White "Murtas, Paolo"]
[Black "Sonis, Luca"]
[WhiteElo "1518"]
[BlackElo "1548"]
[Result "1-0"]
[PlyCount "131"]
[EventDate "2012.05.19"]

1. d4 d5 2. Bg5 Nf6 3. Bxf6 exf6 4. e3 Bd6 5. Nf3 c6 6. c4 Bb4+ 7. Nbd2 Bg4 8.
Be2 dxc4 9. a3 Bxd2+ 10. Qxd2 Bxf3 11. Bxf3 Nd7 12. O-O Qc7 13. Rfc1 b5 14. a4
Rb8 15. axb5 cxb5 16. b3 O-O 17. Qc2 Rbc8 18. Be4 Kh8 19. bxc4 Qxc4 20. Qxc4
Rxc4 21. Rxc4 bxc4 22. Rxa7 Nb6 23. Kf1 Kg8 24. Ke1 Rb8 25. Kd2 g6 26. Bf3 Kf8
27. Rc7 Rc8 28. Rxc8+ Nxc8 29. Be2 Nd6 30. f3 Ke7 31. Kc3 Ke6 32. Bxc4+ Nxc4
33. Kxc4 Kd6 34. d5 f5 35. Kd4 f6 36. g3 h6 37. h3 h5 38. e4 fxe4 39. fxe4 f5
40. e5+ Ke7 41. Kc5 g5 42. e6 f4 43. gxf4 gxf4 44. Kd4 f3 45. Ke3 f2 46. Kxf2
h4 47. Kf3 Kd6 48. Ke4 Ke7 49. Kf5 Ke8 50. d6 Kf8 51. Kf6 Ke8 52. Kg6 Kf8 53.
e7+ Ke8 54. Kf6 Kd7 55. Kf7 Kxd6 56. e8=Q Kd5 57. Qe6+ Kd4 58. Kf6 Kc5 59. Ke5
Kb4 60. Kd4 Kb5 61. Qd5+ Kb6 62. Kc4 Kc7 63. Kc5 Kb8 64. Qd7 Ka8 65. Kb6 Kb8
66. Qb7# 1-0

[Event "C.to Regionale Sardegna"]
[Site "Capoterra ITA"]
[Date "2012.05.26"]
[Round "4"]
[White "Palmas, Alessandro"]
[Black "Sorcinelli, Andrea"]
[WhiteElo "1823"]
[BlackElo "1756"]
[Result "1-0"]
[PlyCount "125"]
[EventDate "2012.05.19"]

1. d4 d5 2. c4 c6 3. Nc3 Nf6 4. Nf3 dxc4 5. e4 b5 6. Qc2 e6 7. Bg5 Be7 8. g3
Bb7 9. Bg2 O-O 10. e5 Nd5 11. Bxe7 Qxe7 12. Ne4 Nb4 13. Qe2 Nd3+ 14. Kf1 Nd7
15. Nd6 Nb6 16. h4 f5 17. Ng5 Rab8 18. Nxb7 Qxb7 19. Nxe6 Rfe8 20. Ng5 Nd5 21.
Bh3 g6 22. h5 Qe7 23. Nf3 Rf8 24. hxg6 hxg6 25. Nh4 Kg7 26. Bg2 Rh8 27. Rb1 Qg5
28. Nf3 Rxh1+ 29. Bxh1 Qe7 30. Qd2 Qb4 31. Qc2 Qa4 32. b3 N3b4 33. bxa4 Nxc2
34. axb5 Rxb5 35. Rxb5 cxb5 36. Nd2 Ne7 37. d5 Kf7 38. d6 Ke6 39. dxe7 Kxe7 40.
Bb7 Nd4 41. Ke1 c3 42. Nb3 Ne6 43. Kd1 b4 44. Kc2 a5 45. Nxa5 Nd4+ 46. Kb1 Ke6
47. Nc6 Nb5 48. Nxb4 Kxe5 49. f3 g5 50. a4 Nd6 51. Ba8 Kd4 52. Kc2 Kc4 53. Nd3
g4 54. fxg4 fxg4 55. Ne5+ Kb4 56. Bc6 Nf5 57. Nd3+ Ka5 58. Kxc3 Nxg3 59. Ne5
Nf5 60. Nxg4 Nd6 61. Ne5 Nc8 62. Bb5 Nd6 63. Nc4+ 1-0

[Event "C.to Regionale Sardegna"]
[Site "Capoterra ITA"]
[Date "2012.05.26"]
[Round "4"]
[White "Pitzanti, Matteo"]
[Black "Picciau, Marta"]
[WhiteElo "1598"]
[BlackElo "1521"]
[Result "1-0"]
[PlyCount "85"]
[EventDate "2012.05.19"]

1. e4 e5 2. Nf3 Nc6 3. Bc4 Nf6 4. Ng5 d5 5. exd5 Na5 6. Bb5+ c6 7. dxc6 bxc6 8.
Qf3 Qb6 9. Ba4 Ba6 10. d3 Bc5 11. O-O O-O 12. a3 Bd6 13. b4 Nb7 14. Qxc6 Qxc6
15. Bxc6 Rac8 16. b5 Nd8 17. Bf3 Bxb5 18. c4 Bd7 19. Nc3 a6 20. Be3 Nc6 21.
Nge4 Nxe4 22. Nxe4 Be7 23. Nc3 Bd6 24. Nd5 Rb8 25. c5 Be7 26. Nb6 Be8 27. Rfe1
f5 28. Bd5+ Kh8 29. f4 exf4 30. Bf2 Bf6 31. Rab1 Rd8 32. Bc4 a5 33. Re6 Rb8 34.
Rbe1 Rd8 35. Bb5 Nd4 36. Rxe8 Nxb5 37. Rxf8+ Rxf8 38. a4 Nc7 39. c6 Bg5 40. Nd7
Rd8 41. Bb6 Rc8 42. Bxc7 Rxc7 43. Re8# 1-0

[Event "C.to Regionale Sardegna"]
[Site "Capoterra ITA"]
[Date "2012.05.26"]
[Round "4"]
[White "Puzzoni, Christian"]
[Black "Ibba, Isacco"]
[WhiteElo "2077"]
[BlackElo "2207"]
[Result "1/2-1/2"]
[PlyCount "84"]
[EventDate "2012.05.19"]

1. e4 d5 2. Nc3 dxe4 3. Bc4 Nf6 4. Nge2 e5 5. O-O Bc5 6. Ng3 Qd4 7. Bb3 O-O 8.
Qe1 Nc6 9. Ncxe4 Nxe4 10. Nxe4 Bf5 11. Nxc5 Qxc5 12. d3 Nd4 13. Be3 Qd6 14.
Bxd4 Qxd4 15. Qe3 Qxb2 16. Qf3 Be6 17. Qxb7 Bxb3 18. axb3 Qxc2 19. Rxa7 Rxa7
20. Qxa7 f6 21. d4 exd4 22. Qxd4 Qxb3 23. Rc1 Qb6 24. Qc4+ Rf7 25. Ra1 Qb7 26.
Rd1 Qc8 27. h3 g6 28. Qc6 Kg7 29. g4 Re7 30. Rd6 Qf8 31. Rd3 Qg8 32. Re3 Qf7
33. Rf3 Qe6 34. Qa8 Qe4 35. Qd8 c5 36. g5 Rf7 37. gxf6+ Kh6 38. Qd2+ g5 39. Qc3
Kg6 40. Re3 Qf5 41. Rf3 Qe4 42. Re3 Qf5 1/2-1/2

[Event "C.to Regionale Sardegna"]
[Site "Capoterra ITA"]
[Date "2012.05.27"]
[Round "5"]
[White "Caredda, Giuseppe"]
[Black "Murtas, Paolo"]
[WhiteElo "1577"]
[BlackElo "1518"]
[Result "0-1"]
[PlyCount "134"]
[EventDate "2012.05.19"]

1. d4 Nf6 2. c4 g6 3. Nc3 Bg7 4. e4 d6 5. Nf3 O-O 6. Be2 e5 7. O-O Nc6 8. d5
Ne7 9. b4 Nd7 10. Ng5 h6 11. Nf3 f5 12. Bd3 f4 13. Ne1 Nf6 14. f3 Qe8 15. a4 g5
16. Qe2 Bd7 17. Ra2 Qh5 18. h3 Qg6 19. Kh2 Nh5 20. Qf2 Ng3 21. Rg1 h5 22. c5 g4
23. b5 Rae8 24. c6 bxc6 25. bxc6 Bc8 26. Qxa7 gxh3 27. gxh3 Qf6 28. Qf2 Qh4 29.
Qg2 Rf6 30. a5 Rg6 31. a6 Bxa6 32. Rxa6 Nxe4 33. Qxg6 Nxg6 34. Bxe4 Qf2+ 35.
Kh1 Nh4 36. Ra2 Qb6 37. Ng2 Nxg2 38. Raxg2 Re7 39. Rg5 h4 40. R1g2 Qb8 41. Rb2
Qc8 42. Bf5 Qa8 43. Be6+ Kf8 44. Rf5+ Ke8 45. Bd7+ Rxd7 46. cxd7+ Ke7 47. Rg2
Bf8 48. Rg6 Qa6 49. Re6+ Kxd7 50. Rf7+ Kc8 51. Re8+ Kb7 52. Kg2 Qd3 53. Rfxf8
Qc2+ 54. Kg1 Qxc1+ 55. Kg2 Qxc3 56. Rb8+ Ka6 57. Ra8+ Kb5 58. Rfb8+ Kc4 59.
Ra4+ Kd3 60. Ra2 Qe1 61. Rb3+ Kd4 62. Ra4+ Kxd5 63. Rb5+ Ke6 64. Rb2 Qg3+ 65.
Kf1 Qxf3+ 66. Rf2 Qd1+ 67. Kg2 Qxa4 0-1

[Event "C.to Regionale Sardegna"]
[Site "Capoterra ITA"]
[Date "2012.05.27"]
[Round "5"]
[White "Depau, Alessandro"]
[Black "Marano, Daniele"]
[WhiteElo "1614"]
[BlackElo "1727"]
[Result "1-0"]
[PlyCount "89"]
[EventDate "2012.05.19"]

1. d4 d5 2. Bg5 c6 3. Nf3 h6 4. Bh4 Qb6 5. b3 Bf5 6. e3 e6 7. Bd3 Nd7 8. O-O
Ngf6 9. Bxf5 exf5 10. Ne5 Nxe5 11. dxe5 Ng4 12. Qf3 g6 13. Qe2 Bg7 14. Bg3 O-O
15. Nd2 Nxe5 16. Rac1 Rfe8 17. Bxe5 Bxe5 18. Qf3 Qa5 19. Rfd1 Qxa2 20. c4 Rad8
21. cxd5 Rxd5 22. Nc4 Rxd1+ 23. Qxd1 Bg7 24. Qd7 Re6 25. Nd6 Rxd6 26. Qxd6 Qxb3
27. Qb8+ Kh7 28. Qxa7 b5 29. g3 Bc3 30. Qa6 b4 31. Qxc6 Bd2 32. Rc2 Bc3 33. Rc1
Qb2 34. Rd1 Kg7 35. Qc4 b3 36. Rd3 Qc1+ 37. Kg2 b2 38. Rxc3 Qa1 39. Qd4+ Kh7
40. Rc7 Qa8+ 41. Kh3 Qa2 42. Rc8 g5 43. Rh8+ Kg6 44. Rg8+ Kh5 45. g4+ 1-0

[Event "C.to Regionale Sardegna"]
[Site "Capoterra ITA"]
[Date "2012.05.27"]
[Round "5"]
[White "Ibba, Isacco"]
[Black "Mallo', Danilo"]
[WhiteElo "2207"]
[BlackElo "1921"]
[Result "1-0"]
[PlyCount "51"]
[EventDate "2012.05.19"]

1. d4 d5 2. e3 c5 3. c3 Nf6 4. Bd3 b6 5. Nf3 g6 6. O-O Bg7 7. Nbd2 O-O 8. Qe2
Nc6 9. Ne5 Qc7 10. f4 Bb7 11. Qf3 Nd7 12. Qh3 Bc8 13. Qh4 Re8 14. Ndf3 Nf8 15.
Ng5 Nxe5 16. fxe5 f6 17. Nxh7 f5 18. Ng5 e6 19. Bd2 Bh8 20. Rf3 Re7 21. Rh3 Nh7
22. Qh6 a6 23. Qxg6+ Rg7 24. Qe8+ Nf8 25. Rxh8+ Kxh8 26. Qxf8+ 1-0

[Event "C.to Regionale Sardegna"]
[Site "Capoterra ITA"]
[Date "2012.05.27"]
[Round "5"]
[White "Lussu, Andrea"]
[Black "Carucci, Bruno"]
[WhiteElo "1413"]
[BlackElo "1504"]
[Result "1-0"]
[PlyCount "59"]
[EventDate "2012.05.19"]

1. e4 Nf6 2. Nc3 d5 3. e5 Ne4 4. Nb5 c6 5. Nd4 e6 6. d3 Bb4+ 7. c3 Nxc3 8. Qb3
Nxa2+ 9. Kd1 Qb6 10. Be3 Nc3+ 11. bxc3 a5 12. Nc2 c5 13. cxb4 d4 14. Bf4 Bd7
15. Be2 a4 16. Qa3 O-O 17. Bf3 c4 18. dxc4 Bc6 19. c5 Qd8 20. Qd3 Na6 21. h4
Nc7 22. Nh3 Bxf3+ 23. gxf3 Qxh4 24. Bg5 Qh5 25. Kd2 f5 26. exf6 e5 27. Nf4 e4
28. Qxe4 Qe8 29. Qxh7+ Kf7 30. Qxg7# 1-0

[Event "C.to Regionale Sardegna"]
[Site "Capoterra ITA"]
[Date "2012.05.27"]
[Round "5"]
[White "Melis, Daniele"]
[Black "Pitzanti, Matteo"]
[WhiteElo "1615"]
[BlackElo "1598"]
[Result "1/2-1/2"]
[PlyCount "35"]
[EventDate "2012.05.19"]

1. d4 d5 2. c4 e5 3. dxe5 d4 4. a3 Nc6 5. Nf3 Bg4 6. Nbd2 Qd7 7. h3 Bxf3 8.
Nxf3 Nge7 9. e3 Rd8 10. exd4 Nxd4 11. Nxd4 Qxd4 12. Qxd4 Rxd4 13. f4 Nf5 14.
Kf2 Bc5 15. Kf3 O-O 16. g4 Nh4+ 17. Kg3 Be7 18. b3 1/2-1/2

[Event "C.to Regionale Sardegna"]
[Site "Capoterra ITA"]
[Date "2012.05.27"]
[Round "5"]
[White "Mereu, Matteo"]
[Black "Puzzoni, Christian"]
[WhiteElo "1934"]
[BlackElo "2077"]
[Result "0-1"]
[PlyCount "51"]
[EventDate "2012.05.19"]

1. d4 d5 2. Nf3 Nc6 3. c4 e5 4. Nxe5 Nxe5 5. dxe5 d4 6. e3 Bb4+ 7. Nc3 Bc5 8.
Na4 Bb4+ 9. Bd2 Bxd2+ 10. Qxd2 Bd7 11. Nc5 dxe3 12. Qxe3 Bc6 13. Bd3 Qe7 14.
O-O-O Nh6 15. f3 O-O 16. g4 f5 17. gxf5 Nxf5 18. Qf2 b6 19. Be4 Bxe4 20. Nxe4
Qxe5 21. Rd5 Qf4+ 22. Kb1 Ne3 23. Rd3 Nxc4 24. Qd4 Ne5 25. Rg1 Rf7 26. Rc1 0-1

[Event "C.to Regionale Sardegna"]
[Site "Capoterra ITA"]
[Date "2012.05.27"]
[Round "5"]
[White "Moi, Federico"]
[Black "Marchionni, Daniele"]
[WhiteElo "1532"]
[BlackElo "1395"]
[Result "1-0"]
[PlyCount "51"]
[EventDate "2012.05.19"]

1. e4 e5 2. Nf3 Nc6 3. Bc4 Bc5 4. Nc3 Nf6 5. a3 O-O 6. O-O b6 7. d3 Bb7 8. Bg5
h6 9. Bh4 d6 10. Nd5 Kh8 11. Bxf6 gxf6 12. b4 Bd4 13. c3 Bxc3 14. Nxc3 Nd4 15.
Nxd4 exd4 16. Ne2 c5 17. bxc5 dxc5 18. Ng3 Bc8 19. Qh5 Kg7 20. Nf5+ Bxf5 21.
Qxf5 Qe8 22. f4 Rb8 23. Rf3 Qe7 24. Qh5 Kh7 25. Rh3 Kg8 26. Qg6+ 1-0

[Event "C.to Regionale Sardegna"]
[Site "Capoterra ITA"]
[Date "2012.05.27"]
[Round "5"]
[White "Murtas, Gianvito"]
[Black "Altea, Alessandro"]
[WhiteElo "1730"]
[BlackElo "1846"]
[Result "1/2-1/2"]
[PlyCount "111"]
[EventDate "2012.05.19"]

1. e4 c5 2. Nf3 e6 3. d4 cxd4 4. Nxd4 a6 5. Nc3 Qc7 6. a3 Nf6 7. Be3 Be7 8. Bd3
O-O 9. f4 d6 10. g4 e5 11. Nf5 Bxf5 12. gxf5 Nbd7 13. Rg1 Nb6 14. fxe5 dxe5 15.
Bh6 g6 16. Bxf8 Kxf8 17. fxg6 hxg6 18. Qd2 Rd8 19. O-O-O Kg7 20. Rg3 Nh5 21.
Rh3 Nf4 22. Rg3 Nc4 23. Qe1 Bh4 24. Bxc4 Rxd1+ 25. Qxd1 Qxc4 26. Rg4 Bf2 27.
Kb1 b5 28. Qd6 Qf1+ 29. Qd1 Qh3 30. Nd5 Qxh2 31. Qf3 Nxd5 32. exd5 Bd4 33. d6
Qh8 34. Qc6 Qd8 35. Qxa6 Qd7 36. Rh4 f5 37. Qa8 Kf6 38. Qd5 f4 39. Rxf4+ exf4
40. Qxd4+ Kf5 41. Qc5+ Ke6 42. Qg5 Qf7 43. Qxb5 Kxd6 44. Qb4+ Ke5 45. Qc3+ Kd6
46. b4 f3 47. Qd4+ Ke7 48. Kc1 f2 49. Qc5+ Kd8 50. Qb6+ Ke7 51. Qc5+ Ke8 52.
Qb5+ Kf8 53. Qf1 Qf3 54. b5 Qxa3+ 55. Kd2 Qf3 56. b6 1/2-1/2

[Event "C.to Regionale Sardegna"]
[Site "Capoterra ITA"]
[Date "2012.05.27"]
[Round "5"]
[White "Picciau, Marta"]
[Black "Cao, Carlo"]
[WhiteElo "1521"]
[BlackElo "1573"]
[Result "1-0"]
[PlyCount "141"]
[EventDate "2012.05.19"]

1. e4 c6 2. d4 d5 3. exd5 cxd5 4. Bf4 Nc6 5. Nf3 Bf5 6. Be2 Qb6 7. b3 e6 8. a3
Nf6 9. Nc3 Ne4 10. Nb1 Be7 11. O-O Bf6 12. Be5 Nxe5 13. dxe5 Be7 14. Nbd2 Nc3
15. Qe1 O-O 16. Bd3 Bxd3 17. cxd3 d4 18. b4 Rfd8 19. Ne4 Rac8 20. Rc1 Nd5 21.
Qd2 Qa6 22. Ra1 Nf4 23. Qxf4 Qxd3 24. Rfd1 Qb3 25. Nc5 Bxc5 26. bxc5 d3 27. Qe3
Rd5 28. Ne1 Rcd8 29. Nf3 Rc8 30. Rdb1 Qc3 31. Rd1 Rcxc5 32. Rac1 Qxa3 33. Rxc5
Qxc5 34. Qxc5 Rxc5 35. Kf1 b5 36. Rxd3 Kf8 37. Ra3 Rc7 38. Nd4 Rb7 39. Rb3 a6
40. Ke2 Ke8 41. Kd3 Kd7 42. Kc3 Kc7 43. Kb4 Kb6 44. Ra3 Rc7 45. Rc3 a5+ 46. Kb3
a4+ 47. Kb2 Rxc3 48. Kxc3 Kc5 49. Nc2 a3 50. Kb3 b4 51. Nxb4 Kd4 52. f4 Ke4 53.
g3 Kf3 54. Nc6 f6 55. Nd8 fxe5 56. fxe5 Ke4 57. Nxe6 Kxe5 58. Nxg7 Kf6 59. Nh5+
Kg5 60. Nf4 h6 61. Kxa3 Kg4 62. Kb3 Kf5 63. Kc3 Kg5 64. Kd3 Kf5 65. Ke3 Kg4 66.
Ke4 Kg5 67. Kf3 Kf5 68. h4 Kf6 69. Kg4 Kg7 70. Kf5 Kf7 71. Nh5 1-0

[Event "C.to Regionale Sardegna"]
[Site "Capoterra ITA"]
[Date "2012.05.27"]
[Round "5"]
[White "Putzolu, Marcello"]
[Black "Palmas, Alessandro"]
[WhiteElo "1809"]
[BlackElo "1823"]
[Result "0-1"]
[PlyCount "124"]
[EventDate "2012.05.19"]

1. d4 Nf6 2. c4 e5 3. dxe5 Ng4 4. Nf3 Nc6 5. Qd5 Bb4+ 6. Bd2 Bxd2+ 7. Nbxd2 Qe7
8. e3 Ngxe5 9. Nxe5 Nxe5 10. Qe4 d6 11. Be2 O-O 12. f4 f5 13. Qd5+ Nf7 14. Kf2
Re8 15. Nf1 c6 16. Qd4 Bd7 17. h4 c5 18. Qc3 Bc6 19. Bf3 Nh6 20. h5 Rad8 21.
Rd1 Ng4+ 22. Bxg4 fxg4 23. h6 g6 24. Ng3 Rd7 25. b3 a6 26. Nh5 gxh5 27. Rxh5
Be4 28. Rg5+ Bg6 29. Rxg4 Qe6 30. Rg5 Rf7 31. g3 Qe7 32. Rg4 Qf6 33. Qd2 Qf5
34. Rh4 Rd7 35. g4 Qc2 36. Qxc2 Bxc2 37. Rd5 Re6 38. f5 Rf6 39. Kf3 Re7 40. Kf4
Be4 41. Rd2 Bc6 42. Kg5 Kf7 43. Rh3 Re5 44. Rf2 b5 45. Rf4 Rfe6 46. Kh5 Rf6 47.
Kg5 Rg6+ 48. Kh5 Kf6 49. Rg3 Rg5+ 50. Kh4 Re4 51. Rxe4 Bxe4 52. Rh3 Rg8 53. Rg3
bxc4 54. bxc4 Bd3 55. Rh3 Bxc4 56. Rh2 Bd3 57. Rd2 c4 58. Kg3 Ke5 59. Kf3 Be4+
60. Kg3 c3 61. Rd1 c2 62. Rc1 Rb8 0-1

[Event "C.to Regionale Sardegna"]
[Site "Capoterra ITA"]
[Date "2012.05.27"]
[Round "5"]
[White "Serra, Emanuele"]
[Black "Lobina, Giulio"]
[WhiteElo "1848"]
[BlackElo "1837"]
[Result "1-0"]
[PlyCount "63"]
[EventDate "2012.05.19"]

1. f4 e6 2. Nf3 Nf6 3. e3 b6 4. d4 Bb7 5. Bd3 c5 6. O-O cxd4 7. exd4 Nc6 8. c3
Be7 9. Bd2 Qc7 10. a4 a6 11. Na3 Bxa3 12. Rxa3 Ne7 13. Nh4 Ng6 14. Nxg6 hxg6
15. Qe2 Rh4 16. g3 Rh3 17. c4 O-O-O 18. d5 Rdh8 19. Rf2 Kd8 20. a5 Ke8 21. axb6
Qxb6 22. Be3 Qc7 23. Bd4 Kf8 24. Rb3 exd5 25. Qd2 dxc4 26. Qb4+ Kg8 27. Bxc4 d5
28. Bf1 Bc6 29. Qb8+ Qxb8 30. Rxb8+ Ne8 31. Bxh3 Rxh3 32. Re2 1-0

[Event "C.to Regionale Sardegna"]
[Site "Capoterra ITA"]
[Date "2012.05.27"]
[Round "5"]
[White "Sorcinelli, Andrea"]
[Black "Giordano, Giulia"]
[WhiteElo "1756"]
[BlackElo "1545"]
[Result "1/2-1/2"]
[PlyCount "74"]
[EventDate "2012.05.19"]

1. e4 d5 2. exd5 Nf6 3. Bb5+ Bd7 4. Be2 Bf5 5. Nf3 Nxd5 6. O-O e6 7. d3 Be7 8.
Bd2 Bf6 9. c3 Nc6 10. d4 O-O 11. Bb5 a6 12. Bxc6 bxc6 13. Re1 Rb8 14. b4 Nb6
15. Ne5 Qd5 16. Qb3 Be4 17. Qxd5 cxd5 18. f3 Bf5 19. Na3 Bxe5 20. Rxe5 f6 21.
Ree1 Ra8 22. g4 Bd3 23. Re3 Bg6 24. Rxe6 Rfe8 25. Rae1 Rxe6 26. Rxe6 Be8 27.
Bf4 Rc8 28. Nc2 Bd7 29. Re1 Nc4 30. Re7 Nb6 31. Na3 Kf8 32. Re1 Ba4 33. Rc1 h6
34. c4 dxc4 35. Nxc4 Nd5 36. Bd2 Rb8 37. a3 g5 1/2-1/2

[Event "C.to Regionale Sardegna"]
[Site "Capoterra ITA"]
[Date "2012.05.27"]
[Round "5"]
[White "Toniolo, Massimo"]
[Black "Corona, Rafaele"]
[WhiteElo "1785"]
[BlackElo "1620"]
[Result "0-1"]
[PlyCount "100"]
[EventDate "2012.05.19"]

1. e4 d5 2. exd5 Nf6 3. Nf3 Nxd5 4. g3 Bg4 5. Bg2 e6 6. O-O Bd6 7. d3 Nc6 8.
Qe1 Qd7 9. Nc3 O-O-O 10. Nxd5 exd5 11. Be3 Bh3 12. a4 h5 13. Nd4 Bxg2 14. Nxc6
Qxc6 15. Kxg2 d4+ 16. Kg1 dxe3 17. Qxe3 Bc5 18. Qf4 h4 19. Qe4 Qxe4 20. dxe4
hxg3 21. hxg3 Rd2 22. Rac1 Rh6 23. e5 Re6 24. Rcd1 Rxd1 25. Rxd1 Rxe5 26. Rd2
Re4 27. b3 Bb4 28. Rd3 Re2 29. c3 Bc5 30. Rf3 f6 31. b4 Bd6 32. Kf1 Ra2 33. a5
Ra3 34. Ke2 Be5 35. Kd2 Ra2+ 36. Kd3 Kd7 37. Kc4 c6 38. Rd3+ Bd6 39. f4 Rg2 40.
Re3 g5 41. fxg5 fxg5 42. Rf3 Rxg3 43. Rf7+ Be7 44. Kd4 Ke6 45. Rh7 g4 46. c4
Bxb4 47. Rxb7 Bxa5 48. Ke4 Bb6 49. Rh7 Rg1 50. Rh6+ Kd7 0-1

[Event "C.to Regionale Sardegna"]
[Site "Capoterra ITA"]
[Date "2012.05.27"]
[Round "6"]
[White "Altea, Alessandro"]
[Black "Mereu, Matteo"]
[WhiteElo "1846"]
[BlackElo "1934"]
[Result "1/2-1/2"]
[PlyCount "72"]
[EventDate "2012.05.19"]

1. e4 Nc6 2. Nc3 Nf6 3. Bc4 e6 4. d3 Bb4 5. Bd2 O-O 6. a3 Ba5 7. h3 d5 8. exd5
exd5 9. Bb5 Nd4 10. b4 Bb6 11. Nge2 c6 12. Ba4 Be6 13. Nxd4 Bxd4 14. O-O Qc8
15. Qf3 b5 16. Bb3 c5 17. Rab1 Bxc3 18. Bxc3 c4 19. dxc4 dxc4 20. Ba2 Nd5 21.
Bd4 Ne7 22. Bc5 Qc7 23. Rbd1 Rfd8 24. Rfe1 Nc6 25. Bb1 Rac8 26. Qe4 g6 27. Qf3
Rxd1 28. Rxd1 Rd8 29. Qe2 Rxd1+ 30. Qxd1 Qe5 31. Ba2 Qd5 32. Qxd5 Bxd5 33. f3
f6 34. Kf2 Kf7 35. Ke3 a6 36. Bb1 Ke6 1/2-1/2

[Event "C.to Regionale Sardegna"]
[Site "Capoterra ITA"]
[Date "2012.05.27"]
[Round "6"]
[White "Boi, Fausto"]
[Black "Melis, Daniele"]
[WhiteElo "1783"]
[BlackElo "1615"]
[Result "1/2-1/2"]
[PlyCount "113"]
[EventDate "2012.05.19"]

1. e4 e5 2. d4 exd4 3. Qxd4 Nc6 4. Qe3 Bb4+ 5. Nc3 d6 6. Bd2 Nf6 7. O-O-O O-O
8. Bc4 Bc5 9. Qe1 Re8 10. Bg5 Ne5 11. Bb3 h6 12. Bh4 Ng6 13. Bg3 Bb4 14. f3 Qe7
15. Bf2 Be6 16. Bxe6 Qxe6 17. Nge2 Bxc3 18. Nxc3 c6 19. Qd2 Red8 20. Rhe1 b5
21. Kb1 Rd7 22. Ne2 c5 23. Nc3 a6 24. Nd5 Nxd5 25. Qxd5 Qxd5 26. Rxd5 Nf4 27.
Rd2 Rad8 28. Red1 c4 29. Bg3 Ng6 30. Bxd6 f6 31. g3 Ne5 32. f4 Nf3 33. Rd5 Kf7
34. h3 Ke6 35. f5+ Kf7 36. h4 Ne5 37. b3 Ng4 38. R5d4 Nf2 39. R1d2 cxb3 40.
axb3 Nxe4 41. Rxe4 Rxd6 42. Rxd6 Rxd6 43. Kb2 g6 44. fxg6+ Kxg6 45. g4 f5 46.
gxf5+ Kxf5 47. Rb4 h5 48. c4 bxc4 49. bxc4 Rd4 50. Kc3 Rxh4 51. Ra4 Rh1 52.
Rxa6 h4 53. Kd4 h3 54. Rh6 h2 55. Kc5 Kg4 56. Kc6 Kg3 57. c5 1/2-1/2

[Event "C.to Regionale Sardegna"]
[Site "Capoterra ITA"]
[Date "2012.05.27"]
[Round "6"]
[White "Cao, Carlo"]
[Black "Lussu, Andrea"]
[WhiteElo "1573"]
[BlackElo "1413"]
[Result "1-0"]
[PlyCount "69"]
[EventDate "2012.05.19"]

1. e4 e5 2. Nf3 Nc6 3. d4 exd4 4. Bc4 Bb4+ 5. c3 dxc3 6. O-O Be7 7. Qd5 Nh6 8.
Bxh6 O-O 9. Bc1 Nb4 10. Qd1 d5 11. bxc3 Nc6 12. exd5 Na5 13. Bd3 Bd6 14. c4 Bg4
15. Bb2 f6 16. Nbd2 Qe8 17. Qc2 f5 18. Qc3 Rf6 19. Qxa5 Rh6 20. Qc3 Rf6 21. Ne5
Qh5 22. Bc2 Rh6 23. Qg3 Rf8 24. f4 Bc5+ 25. Kh1 Be3 26. Nxg4 fxg4 27. Ne4 Qh4
28. Qxh4 Rxh4 29. g3 Rh3 30. Rae1 Bb6 31. Bd1 h5 32. Ng5 h4 33. Nxh3 hxg3 34.
Bxg4 g6 35. Ng5 1-0